L'idée positive de la moralité devant la critique philosophique (Record no. 96684)

MARC details
000 -LEADER
campo de control de longitud fija 00753nam a2200205 i 4500
001 - NÚMERO DE CONTROL
campo de control 96684
003 - IDENTIFICADOR DE NÚMERO DE CONTROL
campo de control ES-MaACL
005 - FECHA Y HORA DE LA ÚLTIMA TRANSACCIÓN
campo de control 20250624193241.0
007 - CAMPO FIJO DE DESCRIPCIÓN FÍSICA--INFORMACIÓN GENERAL
campo de control de longitud fija t|
008 - DATOS DE LONGITUD FIJA--INFORMACIÓN GENERAL
campo de control de longitud fija 050629s1929 fr ||||1| fre d
100 1# - ENTRADA PRINCIPAL--NOMBRE DE PERSONA
Nombre de persona Mamelet, A.
9 (RLIN) 75895
245 12 - MENCIÓN DEL TÍTULO
Título L'idée positive de la moralité devant la critique philosophique
Resto del título : esquisse de l'objet d'une morale humaniste /
Mención de responsabilidad, etc. par A. Mamelet; préface de Léon Brunschvieg.
260 ## - PUBLICACIÓN, DISTRIBUCIÓN, ETC.
Lugar de publicación, distribución, etc. Paris :
Nombre del editor, distribuidor, etc. Presses Universitairies de France,
Fecha de publicación, distribución, etc. 1929.
300 ## - DESCRIPCIÓN FÍSICA
Extensión 94 p. ;
Dimensiones 19 cm.
490 1# - MENCIÓN DE SERIE
Mención de serie Bibliothèque de philosophie contemporaine
700 1# - ENTRADA AGREGADA--NOMBRE PERSONAL
Nombre de persona Brunschvicg, Léon,
Fechas asociadas al nombre 1853-1904
9 (RLIN) 32207
830 0# - PUNTO DE ACCESO ADICIONAL DE SERIE-TÍTULO UNIFORME
Título uniforme Bibliothèque de philosophie contemporaine
9 (RLIN) 181027
852 ## - LOCALIZACIÓN
Ubicación ES-MaACL
Número de control de estantería B-5866
Holdings
Estatus retirado Estado de pérdida Estado de daño No para préstamo Biblioteca de origen Biblioteca actual Ubicación en estantería Fecha de adquisición Fuente de adquisición Total de préstamos Signatura topográfica completa Código de barras Visto por última vez Precio de reemplazo Tipo de ítem Koha
        Biblioteca del Ateneo de Madrid Biblioteca del Ateneo de Madrid Sala Pardo Bazán 17/01/2008     B-5866 1100937 23/02/2023 23/02/2023 Libro impreso